000 00412nam a2200157Ia 4500
008 240729s9999 xx 000 0 und d
022 _a1662-8128
245 0 _aJournal of Innate Immunity
260 _aSwitzerland
260 _bKarger Publishers
650 _a Internal medicine
650 _aMedicine
856 _uhttps://doaj.org/toc/fdc46e5796734ffb979a9600d3a2aeef
942 _2ddc
942 _cDOAJEJ
999 _c73772
_d73772
945 _a1
_bMadushi Gamage
_c1
_dMadushi Gamage